[Event "Australian Open 2015"]
[Site "Sydney AUS"]
[Date "2015.01.04"]
[Round "4.4"]
[White "Li, Zuhao Luke"]
[Black "Zhao, Zong-Yuan"]
[Result "0-1"]
[WhiteTitle "FM"]
[BlackTitle "GM"]
[WhiteElo "2337"]
[BlackElo "2564"]
[WhiteFideId "4303431"]
[BlackFideId "3202534"]
[EventDate "2015.01.02"]

1. d4 Nf6 2. c4 e6 3. Nc3 Bb4 4. a3 Bxc3+ 5. bxc3 c5 6. e3 Nc6 7. Bd3 O-O 8. f4
d5 9. Nf3 Na5 10. cxd5 exd5 11. Ne5 c4 12. Bc2 Ne4 13. O-O Nxc3 14. Bxh7+ Kxh7
15. Qh5+ Kg8 16. f5 Ne4 17. Rf4 Qg5 18. Qh3 Nb3 19. Rh4 Qxh4 20. Qxh4 Bxf5 21.
Rb1 Nd6 22. e4 Bxe4 23. Nd7 Rfe8 24. Qg3 Re6 25. Rxb3 Rg6 26. Bf4 Rxg3 27. Rxg3
Nf5 28. Rg5 g6 29. Nf6+ Kf8 30. Kf2 Ke7 31. Be5 c3 32. Ke2 Rc8 33. Kd1 Rc6 34.
Ng8+ Ke6 35. g4 Ne3+ 36. Kc1 Rb6 0-1

[Event "Australian Open 2015"]
[Site "Sydney AUS"]
[Date "2015.01.04"]
[Round "4.5"]
[White "Smerdon, David"]
[Black "Wallis, Christopher"]
[Result "1/2-1/2"]
[WhiteTitle "GM"]
[BlackTitle "FM"]
[WhiteElo "2519"]
[BlackElo "2348"]
[WhiteFideId "3202305"]
[BlackFideId "3204839"]
[EventDate "2015.01.02"]

1. e4 e5 2. Nf3 Nc6 3. Bc4 Nf6 4. d4 exd4 5. e5 d5 6. Bb5 Ne4 7. Nxd4 Bd7 8.
Bxc6 bxc6 9. O-O Bc5 10. f3 Ng5 11. f4 Ne4 12. Be3 Bb6 13. Nd2 Nxd2 14. Qxd2 c5
15. Nf3 d4 16. Bf2 O-O 17. Qd3 Qc8 18. b4 cxb4 19. Nxd4 c5 20. Nf3 c4 21. Qd6
Rb8 22. Rad1 Bf5 23. Qd2 c3 24. Qe2 Qe6 25. Bxb6 Qxb6+ 26. Nd4 Rbd8 27. Qf2 Bg4
28. Nf3 Bxf3 29. Qxb6 axb6 30. gxf3 g6 31. Rd6 Rxd6 32. exd6 Ra8 33. Rb1 Rxa2
34. d7 Ra8 35. Rxb4 Rd8 36. Rd4 Kf8 37. Rd3 Ke7 38. Kf2 Rxd7 39. Rxc3 1/2-1/2

[Event "Australian Open 2015"]
[Site "Sydney AUS"]
[Date "2015.01.04"]
[Round "4.6"]
[White "Morris, James"]
[Black "Papin, Vasily"]
[Result "1/2-1/2"]
[WhiteTitle "IM"]
[BlackTitle "GM"]
[WhiteElo "2378"]
[BlackElo "2513"]
[WhiteFideId "3205800"]
[BlackFideId "4143183"]
[EventDate "2015.01.02"]

1. d4 Nf6 2. c4 e6 3. Nf3 d5 4. g3 Bb4+ 5. Bd2 Be7 6. Bg2 c6 7. Qc2 O-O 8. O-O
b6 9. Bf4 Ba6 10. Nbd2 Nbd7 11. Rfd1 Nh5 12. Be3 Nhf6 13. Bf4 Nh5 14. Be3 Nhf6
15. Bf4 1/2-1/2

[Event "Australian Open 2015"]
[Site "Sydney AUS"]
[Date "2015.01.05"]
[Round "5.1"]
[White "Ni, Hua"]
[Black "Kazhgaleyev, Murtas"]
[Result "1-0"]
[WhiteTitle "GM"]
[BlackTitle "GM"]
[WhiteElo "2689"]
[BlackElo "2573"]
[WhiteFideId "8601160"]
[BlackFideId "13700316"]
[EventDate "2015.01.02"]

1. e4 c6 2. d4 d5 3. e5 c5 4. Nf3 Bg4 5. c4 cxd4 6. cxd5 Qxd5 7. Nc3 Qa5 8. Bb5+
Nc6 9. Bxc6+ bxc6 10. Qxd4 Bxf3 11. gxf3 e6 12. Be3 Ne7 13. O-O Nf5 14. Qc4 Rc8
15. f4 Be7 16. Rfd1 g5 17. Ne4 gxf4 18. Bxf4 O-O 19. Nd6 Rcd8 20. Rd3 Bxd6 21.
exd6 Rd7 22. Qxc6 Qd8 23. Re1 Qc8 24. Qe4 Re8 25. Be5 f6 26. Bxf6 Kf7 27. Be5
Rg8+ 28. Kf1 Qa6 29. a3 Nxd6 30. Qe2 Ke7 31. Bf6+ Kf8 32. Bg7+ 1-0

[Event "Australian Open 2015"]
[Site "Sydney AUS"]
[Date "2015.01.05"]
[Round "5.2"]
[White "Zhao, Zong-Yuan"]
[Black "Illingworth, Max"]
[Result "1/2-1/2"]
[WhiteTitle "GM"]
[BlackTitle "IM"]
[WhiteElo "2564"]
[BlackElo "2476"]
[WhiteFideId "3202534"]
[BlackFideId "3205207"]
[EventDate "2015.01.02"]

1. c4 e5 2. g3 Nc6 3. Nc3 g6 4. Bg2 Bg7 5. d3 d6 6. e4 Nd4 7. Nce2 Ne6 8. Nf3
Ne7 9. h4 h5 10. d4 exd4 11. Nfxd4 O-O 12. O-O Nc6 13. Nxc6 bxc6 14. Rb1 Bd7 15.
Be3 Qe7 16. Qd2 Rae8 17. b4 c5 18. b5 f5 19. exf5 Rxf5 20. Nc3 Bxc3 21. Qxc3 g5
22. hxg5 Nxg5 23. Bf4 Ne6 24. Rfe1 Qf7 25. Bd5 Rxd5 26. cxd5 Nd4 27. Rxe8+ Qxe8
28. Qe3 Qf7 29. f3 Qxd5 30. Rf1 Bxb5 31. Rf2 Bc6 32. Qe7 Nxf3+ 33. Rxf3 Qxf3 34.
Qd8+ Kf7 35. Qxc7+ Ke8 36. Qb8+ Kf7 37. Qc7+ Ke8 38. Qb8+ Kf7 1/2-1/2

[Event "Australian Open 2015"]
[Site "Sydney AUS"]
[Date "2015.01.05"]
[Round "5.3"]
[White "Khusnutdinov, Rustam"]
[Black "Ikeda, Junta"]
[Result "1-0"]
[WhiteTitle "GM"]
[BlackTitle "IM"]
[WhiteElo "2476"]
[BlackElo "2416"]
[WhiteFideId "13701703"]
[BlackFideId "3204731"]
[EventDate "2015.01.02"]

1. e4 c5 2. Nf3 e6 3. d4 cxd4 4. Nxd4 a6 5. Nc3 b5 6. Bd3 Qb6 7. Nf3 Nc6 8. O-O
Qb8 9. Re1 Nge7 10. Be3 d6 11. Qd2 Ng6 12. Nd4 Nge5 13. f4 Nxd4 14. Bxd4 Nc6 15.
Bf2 Be7 16. Nd5 Bd8 17. Qc3 O-O 18. Qxc6 Bb7 19. Qd7 exd5 20. exd5 Bc8 21. Qe8
g6 22. Bd4 Qb7 23. Qe3 f5 24. c4 bxc4 25. Bxc4 Qf7 26. Re2 Rb8 27. Rae1 Bf6 28.
b3 Bb7 29. Bxf6 Qxf6 30. Qa7 a5 31. Re7 Ba8 32. Rxh7 Rbe8 33. Rhe7 Rxe7 34. Qxe7
Qd4+ 35. Qe3 1-0

[Event "Australian Open 2015"]
[Site "Sydney AUS"]
[Date "2015.01.05"]
[Round "5.4"]
[White "Bjelobrk, Igor"]
[Black "Smerdon, David"]
[Result "1/2-1/2"]
[WhiteTitle "IM"]
[BlackTitle "GM"]
[WhiteElo "2361"]
[BlackElo "2519"]
[WhiteFideId "4300726"]
[BlackFideId "3202305"]
[EventDate "2015.01.02"]

1. Nf3 d5 2. d4 e6 3. c4 Nf6 4. Nc3 Bb4 5. cxd5 exd5 6. Bg5 Nbd7 7. Rc1 h6 8.
Bxf6 Qxf6 9. Qb3 Qd6 10. e3 O-O 11. a3 Ba5 12. Bd3 c6 13. O-O Re8 14. Qc2 a6 15.
Na4 Bc7 16. Bh7+ Kh8 17. Bf5 Qf6 18. Bh3 g5 19. Nd2 h5 20. g3 g4 21. Bg2 Bd6 22.
b4 h4 23. Rfe1 Nf8 24. e4 h3 25. Bf1 Qxd4 26. exd5 Rxe1 27. Rxe1 cxd5 28. Re8
Bf5 29. Rxf8+ Bxf8 30. Qxf5 Qxd2 31. Nb6 Re8 32. Qxf7 Qe1 33. Qh5+ Kg8 34. Nxd5
Bg7 35. Qxg4 Qe6 36. Qh5 Qe5 37. Qf3 Qe4 38. Qb3 Kh8 39. Nf4 Bd4 40. Nxh3 Rf8
41. Qd1 b5 42. Qh5+ Kg7 43. Nf4 Rf6 44. Qg4+ Kf7 45. h4 Rxf4 46. gxf4 Qg6 47.
Qxg6+ Kxg6 48. Kg2 Kg7 49. Kf3 Bb2 50. a4 bxa4 51. Bxa6 Bc3 52. Ke4 Bxb4 53. Bc4
Kf6 54. h5 Bf8 1/2-1/2

[Event "Australian Open 2015"]
[Site "Sydney AUS"]
[Date "2015.01.05"]
[Round "5.5"]
[White "Papin, Vasily"]
[Black "Liu, Yi"]
[Result "1-0"]
[WhiteTitle "GM"]
[WhiteElo "2513"]
[BlackElo "2265"]
[WhiteFideId "4143183"]
[BlackFideId "3210588"]
[EventDate "2015.01.02"]

1. c4 c6 2. Nf3 d5 3. e3 Nf6 4. Qc2 Bg4 5. Ne5 Bh5 6. cxd5 Nxd5 7. Qf5 Bg6 8.
Qh3 Bxb1 9. Rxb1 Nd7 10. Nxd7 Qxd7 11. Qxd7+ Kxd7 12. d4 e6 13. a3 g6 14. Bd3
Bg7 15. Ke2 h5 16. h4 a6 17. Bd2 Ne7 18. Rbd1 Nf5 19. Bc3 Rhd8 20. Ba5 Rdc8 21.
Be4 Bf6 22. g3 Ke8 23. Bf3 Kf8 24. Bc3 Rd8 25. Rd3 Rd7 26. Rhd1 Rad8 27. Ba5 Ra8
28. Rb3 Re8 29. Rbd3 Ra8 30. Bg2 Re8 31. Bb4+ Kg8 32. Bh3 Kg7 33. Bc3 Red8 34.
Bg2 Kf8 35. a4 Kg8 36. Ba5 Re8 37. Rb3 Kf8 38. Rdd3 Be7 39. Rd2 Bf6 40. Rbd3 Kg7
41. Kd1 Rc8 42. Bc3 Rcd8 43. Kc2 Kf8 44. Rd1 Ke8 45. R3d2 Kf8 46. Bb4+ Ke8 47.
Bc5 Nd6 48. b3 Nc8 49. Bb4 Ne7 50. Ba5 Rc8 51. Kb1 Nf5 52. Bc3 Rcd8 53. Kc2 Kf8
54. Bf1 Ke8 55. Rb1 Ne7 56. Rd3 Nd5 57. Be1 Be7 58. b4 Rc8 59. Kb3 Nf6 60. Rc3
Ne4 61. Rc2 Nd6 62. Rbc1 Ra8 63. Bg2 Nf5 64. Bc3 Bf6 65. d5 Bxc3 66. dxc6 Be5
67. cxd7+ Kxd7 68. Bxb7 Ra7 69. Bc6+ Ke7 70. Bf3 Kd7 71. Be2 Nd6 72. Rc6 Ne4 73.
f4 Nd2+ 74. Ka3 Bd6 75. Rxa6 Rb7 76. Rxd6+ Kxd6 77. Rd1 Kd5 1-0

[Event "Australian Open 2015"]
[Site "Sydney AUS"]
[Date "2015.01.05"]
[Round "5.6"]
[White "Canfell, Gregory"]
[Black "Ly, Moulthun"]
[Result "0-1"]
[WhiteTitle "FM"]
[BlackTitle "IM"]
[WhiteElo "2331"]
[BlackElo "2460"]
[WhiteFideId "3200418"]
[BlackFideId "3204405"]
[EventDate "2015.01.02"]

1. e4 c5 2. Nc3 Nc6 3. Nge2 d6 4. d4 cxd4 5. Nxd4 Nf6 6. Bg5 e6 7. Qd2 a6 8.
O-O-O h6 9. Bf4 Bd7 10. Nxc6 Bxc6 11. Qe1 Qb8 12. Nd5 Bxd5 13. exd5 e5 14. Bd2
Be7 15. f4 exf4 16. Bc3 Kf8 17. Be2 Ne4 18. Bd4 Bf6 19. Rf1 Qe8 20. Kb1 Bxd4 21.
Rxd4 Qe5 22. Rb4 a5 23. Rb5 Nc5 24. Rxa5 Re8 25. Rf2 Ne4 26. Rf1 Nf6 27. Rf2 Ng4
28. Rf3 Qxe2 29. Qxe2 Rxe2 30. a4 g5 31. Rb3 Rxg2 32. Rxb7 Kg7 0-1

[Event "Australian Open 2015"]
[Site "Sydney AUS"]
[Date "2015.01.05"]
[Round "6.1"]
[White "Illingworth, Max"]
[Black "Ni, Hua"]
[Result "0-1"]
[WhiteTitle "IM"]
[BlackTitle "GM"]
[WhiteElo "2476"]
[BlackElo "2689"]
[WhiteFideId "3205207"]
[BlackFideId "8601160"]
[EventDate "2015.01.02"]

1. d4 Nf6 2. c4 e6 3. g3 d5 4. Bg2 dxc4 5. Nf3 c5 6. O-O Nc6 7. Qa4 Bd7 8. Qxc4
b5 9. Qd3 c4 10. Qc2 Rc8 11. a4 a6 12. axb5 axb5 13. Bg5 Be7 14. Nc3 Qb6 15.
Rfd1 h6 16. Bxf6 Bxf6 17. Ne4 O-O 18. Nxf6+ gxf6 19. Qd2 Kg7 20. d5 exd5 21.
Qxd5 Rfd8 22. Qh5 Be6 23. Bh3 Bxh3 24. Qxh3 Qc5 25. Qg4+ Kf8 26. Qf4 Kg7 27.
Qg4+ Kf8 28. Nh4 Ne7 29. Qe4 Kg7 30. Rd7 Rxd7 31. Qg4+ Kf8 32. Qxd7 b4 33. Ng2
c3 34. bxc3 Qxc3 35. Rb1 Qc2 36. Qd3 Qxd3 37. exd3 Nc6 38. Ne3 Rd8 39. Rc1 Ne5
40. d4 Nd3 41. Rc6 Rb8 42. Rxf6 Kg7 43. Ra6 b3 44. Nf5+ Kg8 45. Rxh6 Rb7 46.
Ne7+ Rxe7 0-1

[Event "Australian Open 2015"]
[Site "Sydney AUS"]
[Date "2015.01.05"]
[Round "6.2"]
[White "Kazhgaleyev, Murtas"]
[Black "Khusnutdinov, Rustam"]
[Result "1/2-1/2"]
[WhiteTitle "GM"]
[BlackTitle "GM"]
[WhiteElo "2573"]
[BlackElo "2476"]
[WhiteFideId "13700316"]
[BlackFideId "13701703"]
[EventDate "2015.01.02"]

1. e4 c5 2. Nf3 d6 3. Bb5+ Nc6 4. O-O Bd7 5. c3 Nf6 6. Re1 a6 7. Ba4 b5 8. Bc2
Bg4 9. a4 g6 10. d4 cxd4 11. cxd4 Bg7 12. Be3 O-O 13. Nbd2 Bd7 14. axb5 axb5 15.
Rxa8 Qxa8 16. h3 Nb4 17. Bb1 Rc8 18. Bg5 Qa4 19. b3 Qa3 20. Nf1 h6 21. Bh4 Na2
22. Bxf6 Nc3 23. Qd2 exf6 24. Bc2 Qb2 25. Ne3 h5 26. e5 d5 27. Kh1 Be6 28. exf6
Bxf6 29. g4 hxg4 30. Nxg4 Bxg4 31. hxg4 Ne4 32. Bxe4 Qxd2 33. Nxd2 dxe4 34. d5
Bh4 35. Nxe4 f5 36. gxf5 gxf5 37. Nd6 Bxf2 38. Rf1 Rc2 39. Nxf5 Rd2 40. b4 Bd4
41. Re1 Bc3 42. Re4 Kf8 43. d6 Rd5 44. Rf4 Ke8 45. Kg2 Kd7 46. Kf3 Bxb4 47. Ne3 1/2-1/2

[Event "Australian Open 2015"]
[Site "Sydney AUS"]
[Date "2015.01.05"]
[Round "6.3"]
[White "Johansen, Darryl K."]
[Black "Zhao, Zong-Yuan"]
[Result "1/2-1/2"]
[WhiteTitle "GM"]
[BlackTitle "GM"]
[WhiteElo "2404"]
[BlackElo "2564"]
[WhiteFideId "3200035"]
[BlackFideId "3202534"]
[EventDate "2015.01.02"]

1. c4 Nf6 2. Nf3 c5 3. Nc3 d5 4. cxd5 Nxd5 5. e4 Nb4 6. Bb5+ Bd7 7. a3 N4c6 8.
d4 cxd4 9. Nxd4 g6 10. O-O Bg7 11. Nb3 O-O 12. Be3 Bxc3 1/2-1/2

[Event "Australian Open 2015"]
[Site "Sydney AUS"]
[Date "2015.01.05"]
[Round "6.4"]
[White "Solomon, Stephen J."]
[Black "Papin, Vasily"]
[Result "1/2-1/2"]
[WhiteTitle "IM"]
[BlackTitle "GM"]
[WhiteElo "2372"]
[BlackElo "2513"]
[WhiteFideId "3200043"]
[BlackFideId "4143183"]
[EventDate "2015.01.02"]

1. e4 c5 2. Nf3 e6 3. d4 cxd4 4. Nxd4 a6 5. Nc3 Qc7 6. Be2 Nf6 7. O-O Bc5 8. Nb3
Ba7 9. a4 Nc6 10. Kh1 h6 11. f4 d6 12. Qd3 O-O 13. Qg3 d5 14. e5 Ne8 15. Bd3 f5
16. Ne2 Rb8 17. Be3 Bxe3 18. Qxe3 Qe7 19. Ned4 Bd7 20. h3 Nc7 21. Kh2 Kh8 22. g4
g6 23. Rg1 Rg8 24. Rg3 Rbf8 25. Rag1 Nb4 26. gxf5 gxf5 27. Bxf5 exf5 28. e6 Rxg3
29. Rxg3 Bxe6 30. Nc5 Rf6 31. Nxb7 Ne8 32. Na5 Qc7 33. Nxe6 Qxc2+ 34. Rg2 Qe4
35. Qc3 Na2 36. Qa3 Nb4 37. Nb7 Nd3 38. Nbc5 Nxc5 39. Nxc5 Qxf4+ 40. Qg3 Qxg3+
41. Kxg3 Rc6 42. Nd7 Rc7 43. Ne5 Rg7+ 44. Kf3 Rxg2 45. Kxg2 Kg7 46. Kf3 Kf6 47.
Nc6 Nc7 48. b4 Ke6 49. Nd4+ Ke5 50. Nc6+ Kd6 51. Nd4 Ke5 52. Nc6+ Kd6 53. Nd4
Ke5 1/2-1/2

[Event "Australian Open 2015"]
[Site "Sydney AUS"]
[Date "2015.01.05"]
[Round "6.5"]
[White "Ly, Moulthun"]
[Black "Schon, Eugene"]
[Result "1/2-1/2"]
[WhiteTitle "IM"]
[BlackTitle "FM"]
[WhiteElo "2460"]
[BlackElo "2318"]
[WhiteFideId "3204405"]
[BlackFideId "3205690"]
[EventDate "2015.01.02"]

1. e4 e5 2. Nf3 Nc6 3. d4 exd4 4. Nxd4 Nf6 5. Nxc6 bxc6 6. e5 Qe7 7. Qe2 Nd5 8.
c4 Ba6 9. Nd2 g6 10. Nf3 Bg7 11. Bg5 f6 12. exf6 Qxe2+ 13. Bxe2 Nxf6 14. O-O-O
Ne4 15. Be3 Rb8 16. Bd4 Bxd4 17. Rxd4 Nf6 18. Ne5 c5 19. Rf4 Rf8 20. Re1 Rb6 21.
Nd3 d6 22. Bf3+ Kd8 23. Re6 Nd7 24. b3 Bb7 25. Bxb7 Rxb7 26. Rfe4 Nf6 27. Re1
Rf7 28. R6e2 Rb8 29. f3 Kd7 30. Rd2 Kc6 31. Re6 Kb7 32. Rde2 Nd7 33. Kc2 Rbf8
34. Re7 Nb8 35. Kc3 Nc6 36. R7e4 Kc8 37. Re8+ Kd7 38. R8e4 Kc8 39. Nf2 Kd7 40.
Re1 Re7 41. Rxe7+ Nxe7 42. Ne4 Rf5 43. Nf2 Ng8 44. Ng4 Rf8 45. Kd3 Nf6 46. Ne3
Nh5 47. Rf1 a5 48. g3 Ng7 49. f4 Nf5 50. Nd5 Ne7 51. Nc3 Nc6 52. h3 h5 53. Kd2
Nd4 54. Ne4 Ke7 55. Nc3 Kd7 56. Nd5 c6 57. Nc3 Rh8 58. Kd3 Kc7 59. Ne4 Ne6 1/2-1/2

[Event "Australian Open 2015"]
[Site "Sydney AUS"]
[Date "2015.01.05"]
[Round "6.6"]
[White "Morris, James"]
[Black "Jones, Richard S."]
[Result "1-0"]
[WhiteTitle "IM"]
[BlackTitle "IM"]
[WhiteElo "2378"]
[BlackElo "2414"]
[WhiteFideId "3205800"]
[BlackFideId "1800833"]
[EventDate "2015.01.02"]

1. c4 e5 2. Nc3 Nf6 3. g3 g6 4. Bg2 Bg7 5. d3 O-O 6. Nf3 d6 7. O-O Re8 8. Rb1 e4
9. dxe4 Nxe4 10. Nxe4 Rxe4 11. b3 Qe8 12. e3 Nc6 13. Bb2 Bf5 14. Bxg7 Kxg7 15.
Qd2 Re7 16. Rbd1 Be4 17. Qc3+ f6 18. Rd2 a5 19. Rfd1 b6 20. Ne1 Bxg2 21. Nxg2
Ne5 22. e4 Qc6 23. Nf4 Qxe4 24. Re2 Qf5 25. Nd5 Nf3+ 26. Qxf3 Qxf3 27. Rxe7+ Kh6
28. Rd4 g5 29. Nxc7 Ra7 30. Rxd6 Kg6 31. Re3 Qf5 32. Nd5 Qb1+ 33. Kg2 Qxa2 34.
Nxf6 Qa3 35. Rxb6 a4 36. Nh5+ Kxh5 37. h3 Qf8 38. g4+ Kh4 39. Re8 Qg7 40. Rg8
Qb7+ 41. Rxb7 Rxb7 42. bxa4 h5 43. Rd8 1-0

[Event "Australian Open 2015"]
[Site "Sydney AUS"]
[Date "2015.01.07"]
[Round "7.1"]
[White "Ni, Hua"]
[Black "Morris, James"]
[Result "1-0"]
[WhiteTitle "GM"]
[BlackTitle "IM"]
[WhiteElo "2689"]
[BlackElo "2378"]
[WhiteFideId "8601160"]
[BlackFideId "3205800"]
[EventDate "2015.01.02"]

1. Nf3 e6 2. g3 d5 3. Bg2 Nf6 4. c4 Be7 5. d4 O-O 6. Nc3 a6 7. O-O Nbd7 8. b3 c6
9. Qc2 b5 10. Rd1 b4 11. Na4 a5 12. Ne5 Bb7 13. e4 Rc8 14. Nxd7 Nxd7 15. c5 Ba6
16. a3 dxe4 17. Bxe4 f5 18. Bg2 bxa3 19. Rxa3 Bb5 20. Nc3 Nf6 21. Nxb5 cxb5 22.
Qe2 Ne4 23. Bb2 b4 24. Raa1 Qd5 25. Qc2 Rfd8 26. Re1 Bf6 27. Rxa5 Bxd4 28. Bxd4
Qxd4 29. Bxe4 fxe4 30. Qxe4 Qc3 31. Qxe6+ Kh8 32. Qe3 h6 33. Qxc3 bxc3 34. Rc1
Rd2 35. Rxc3 Rf8 36. c6 Rfxf2 37. Rh5 Rg2+ 38. Kh1 Rge2 39. Rc1 Rc2 40. Rxc2
Rxc2 41. b4 Rxc6 42. Rc5 Rb6 43. b5 Kh7 44. Kg2 Rd6 45. Rc2 Rb6 46. Rc5 Rd6 47.
Kf3 Rd2 48. Ke4 Rxh2 49. Kd5 Rg2 50. b6 Rxg3 51. b7 Rd3+ 52. Kc4 1-0

[Event "Australian Open 2015"]
[Site "Sydney AUS"]
[Date "2015.01.07"]
[Round "7.2"]
[White "Khusnutdinov, Rustam"]
[Black "Ly, Moulthun"]
[Result "1-0"]
[WhiteTitle "GM"]
[BlackTitle "IM"]
[WhiteElo "2476"]
[BlackElo "2460"]
[WhiteFideId "13701703"]
[BlackFideId "3204405"]
[EventDate "2015.01.02"]

1. e4 c5 2. Nf3 e6 3. d4 cxd4 4. Nxd4 Nc6 5. Nc3 Qc7 6. Be3 a6 7. Qf3 b5 8. Qg3
Qxg3 9. hxg3 Nxd4 10. Bxd4 Bb7 11. f3 Rc8 12. O-O-O Ne7 13. Bb6 f5 14. exf5 Nxf5
15. Bd3 Bc5 16. Bxc5 Rxc5 17. Rh5 g6 18. Rh3 h5 19. g4 Ne7 20. Be4 Bc8 21. Rdh1
b4 22. Ne2 Re5 23. Nf4 Rg5 24. gxh5 gxh5 25. Rxh5 Rhxh5 26. Rxh5 Rxh5 27. Nxh5
d5 28. Bd3 e5 29. Kd2 Kf7 30. Ng3 a5 31. Ne2 Bb7 32. Bb5 Nf5 33. Nc1 Nd6 34. Be2
Kf6 35. Nb3 a4 36. Nc5 a3 37. b3 Bc8 38. Nd3 1-0

[Event "Australian Open 2015"]
[Site "Sydney AUS"]
[Date "2015.01.07"]
[Round "7.3"]
[White "Wallis, Christopher"]
[Black "Kazhgaleyev, Murtas"]
[Result "1/2-1/2"]
[WhiteTitle "FM"]
[BlackTitle "GM"]
[WhiteElo "2348"]
[BlackElo "2573"]
[WhiteFideId "3204839"]
[BlackFideId "13700316"]
[EventDate "2015.01.02"]

1. d4 Nf6 2. c4 e6 3. Nc3 Bb4 4. e3 O-O 5. Ne2 d5 6. a3 Bd6 7. Ng3 c5 8. dxc5
Bxc5 9. b4 Bb6 10. Bb2 Nc6 11. Be2 Qe7 12. cxd5 Rd8 13. d6 Rxd6 14. Qc2 Bd7 15.
Nce4 Nxe4 16. Nxe4 Rd5 17. O-O Rc8 18. Qb3 Be8 19. Rfd1 Rcd8 20. Bc4 Rxd1+ 21.
Rxd1 Bc7 22. Rxd8 Qxd8 23. f4 e5 24. Ng5 Qe7 25. Qd3 g6 26. Ne4 a6 27. Nc3 Bb8
28. Nd5 Qd8 29. a4 Qd6 30. Bc3 exf4 31. exf4 Ba7+ 32. Kf1 Kf8 33. b5 axb5 34.
axb5 Ne7 35. b6 Bxb6 36. Be5 Qc5 37. Nxb6 Qxb6 38. Bd6 Bc6 39. Ba3 Ke8 40. Qd6
Qb1+ 41. Kf2 Qe4 42. Qb8+ Kd7 43. Qd6+ Ke8 44. Qb8+ Kd7 45. Qd6+ Kc8 46. Bxf7
Qc2+ 47. Ke1 Qc3+ 48. Kf2 Qc2+ 49. Ke1 Qe4+ 50. Kd2 Qxg2+ 51. Kc1 Qg1+ 52. Kd2
Qxh2+ 53. Kc3 Qg3+ 54. Kd2 Qf2+ 55. Kc1 Qe3+ 56. Kb2 Qe2+ 57. Kc1 Qe1+ 58. Kb2
Qf2+ 59. Kc1 Qe3+ 60. Kb2 Bd5 61. Bxd5 Qd2+ 62. Kb1 Qd3+ 63. Kb2 Qd4+ 64. Kb1
Qd3+ 1/2-1/2

[Event "Australian Open 2015"]
[Site "Sydney AUS"]
[Date "2015.01.07"]
[Round "7.4"]
[White "Zhao, Zong-Yuan"]
[Black "Ikeda, Junta"]
[Result "1/2-1/2"]
[WhiteTitle "GM"]
[BlackTitle "IM"]
[WhiteElo "2564"]
[BlackElo "2416"]
[WhiteFideId "3202534"]
[BlackFideId "3204731"]
[EventDate "2015.01.02"]

1. c4 g6 2. d4 Bg7 3. g3 c5 4. d5 Qa5+ 5. Nd2 d6 6. Bg2 b5 7. Nf3 bxc4 8. O-O
Ba6 9. Qc2 Nd7 10. Nxc4 Bxc4 11. Qxc4 Nb6 12. Qd3 c4 13. Qd1 Nf6 14. Nd2 O-O 15.
a4 Rac8 16. e4 c3 17. bxc3 Nfd7 18. Bb2 Bxc3 19. Nb3 Qb4 20. Bxc3 Rxc3 21. Nd4
Ne5 22. Nb5 Rd3 23. Qe1 Qxe1 24. Rfxe1 a5 25. Rec1 Rc8 26. Rxc8+ Nxc8 27. f4 Ng4
28. Bh3 h5 29. Rc1 Nb6 30. Bxg4 hxg4 31. Rc7 Kf8 32. Ra7 Nc4 33. Kf2 Rf3+ 34.
Ke2 Re3+ 35. Kd1 Rxe4 36. Kc2 f5 37. Nc3 Rd4 38. Kb3 Nd2+ 39. Kc2 Nc4 40. Kb3
Nd2+ 41. Kc2 Ne4 42. Nxe4 fxe4 43. Rxa5 e3 44. Rb5 Rxa4 45. Kd3 Ra2 46. Kxe3
Rxh2 47. Rb3 Kf7 48. Kd4 Rd2+ 49. Rd3 Re2 50. Re3 Rf2 51. Kc4 Ra2 52. Kd4 Ra4+
53. Kd3 Ra5 54. Kd4 Ra1 55. Kd3 Ke8 56. Kd4 Rh1 57. Kc4 Rg1 58. Kd4 Rg2 59. Kc4
Kf7 60. Kd4 Rh2 61. Kc4 Rh7 62. Re6 Rh8 63. Re3 Ra8 64. Kd4 Ra7 65. Kd3 Kf6 66.
Kd4 Kf5 67. Kd3 Rb7 68. Kd4 Ra7 69. Kd3 g5 70. fxg5 Kxg5 71. Re1 Ra3+ 72. Kd4
Rxg3 73. Rxe7 Ra3 74. Rg7+ Kf4 75. Rf7+ Kg3 76. Rf6 Ra6 77. Ke4 Kg2 78. Kf4 g3
79. Kg4 Ra4+ 80. Kg5 Kg1 81. Rxd6 g2 82. Kf5 Rd4 83. Ke5 Rd3 84. Rg6 Kh2 85.
Rxg2+ Kxg2 86. d6 Kf3 87. Ke6 Re3+ 88. Kf7 1/2-1/2

[Event "Australian Open 2015"]
[Site "Sydney AUS"]
[Date "2015.01.07"]
[Round "7.5"]
[White "Papin, Vasily"]
[Black "Johansen, Darryl K."]
[Result "1/2-1/2"]
[WhiteTitle "GM"]
[BlackTitle "GM"]
[WhiteElo "2513"]
[BlackElo "2404"]
[WhiteFideId "4143183"]
[BlackFideId "3200035"]
[EventDate "2015.01.02"]

1. c4 c5 2. Nf3 g6 3. e3 Bg7 4. Nc3 Nf6 5. d4 O-O 6. d5 e6 7. Be2 exd5 8. cxd5
d6 9. h3 Na6 10. O-O Re8 11. Bd3 Nc7 12. e4 b5 13. Re1 c4 14. Bc2 b4 15. Nb1 a5
16. Nbd2 1/2-1/2

[Event "Australian Open 2015"]
[Site "Sydney AUS"]
[Date "2015.01.07"]
[Round "7.6"]
[White "Nakauchi, Gene"]
[Black "Illingworth, Max"]
[Result "0-1"]
[WhiteTitle "FM"]
[BlackTitle "IM"]
[WhiteElo "2213"]
[BlackElo "2476"]
[WhiteFideId "3200698"]
[BlackFideId "3205207"]
[EventDate "2015.01.02"]

1. d4 Nf6 2. c4 g6 3. g3 c5 4. d5 b5 5. cxb5 a6 6. bxa6 Bg7 7. Bg2 d6 8. Nf3 O-O
9. O-O Bf5 10. Nc3 Nxa6 11. Nd2 Nb4 12. Nc4 Bc2 13. Qd2 Bb3 14. Na3 Bxd5 15.
Nxd5 Nfxd5 16. Nc4 Nc7 17. Bxa8 Qxa8 18. a3 Ne6 19. Qd1 Nd4 20. Ne3 Nbc6 21. f3
Rb8 22. Rb1 Rb3 23. Nc2 c4 24. Na1 Rb8 25. e3 Nb5 26. Bd2 d5 27. a4 Nc7 28. Bc3
e5 29. Kg2 d4 30. exd4 exd4 31. Bd2 Ne6 32. Nc2 Qxa4 33. Na3 Qa6 34. Qc1 Ne5 35.
f4 Qa8+ 36. Kh3 Nf3 37. Nxc4 Rb5 38. Ne5 Bxe5 39. fxe5 Rxe5 40. g4 Nxd2 41. Qxd2
Re3+ 42. Qxe3 dxe3 43. b4 e2 44. Rf2 Qe4 45. Re1 Qe3+ 46. Kg2 Nd4 47. b5 Qd2 48.
Rexe2 Nxe2 49. b6 Qd5+ 50. Kf1 Nd4 0-1

[Event "Australian Open 2015"]
[Site "Sydney AUS"]
[Date "2015.01.08"]
[Round "8.1"]
[White "Khusnutdinov, Rustam"]
[Black "Ni, Hua"]
[Result "1/2-1/2"]
[WhiteTitle "GM"]
[BlackTitle "GM"]
[WhiteElo "2476"]
[BlackElo "2689"]
[WhiteFideId "13701703"]
[BlackFideId "8601160"]
[EventDate "2015.01.02"]

1. e4 c6 2. d4 d5 3. e5 Bf5 4. h4 h6 5. g4 Bd7 6. Be3 e6 7. h5 Qb6 8. Nd2 c5 9.
dxc5 Bxc5 10. Bxc5 Qxc5 11. Ngf3 Ne7 12. Bd3 Bb5 13. Nb3 Qb6 14. Bxb5+ Qxb5 15.
Nfd4 Qb6 16. Qe2 Nbc6 17. O-O-O a6 18. f4 Rc8 19. Kb1 Nxd4 20. Nxd4 Rc4 21. Qe3
Nc6 22. c3 Nxd4 23. Rxd4 O-O 24. Rhd1 Rfc8 25. Ka1 Rxd4 26. Rxd4 Qb5 27. Qf3 Rc4
28. Qd1 Rxd4 29. cxd4 Qc4 30. f5 Qc8 31. Qb1 Qc4 32. Qd1 b5 33. Kb1 a5 34. b3
Qc3 35. fxe6 fxe6 36. Qc2 Qxd4 37. Qc8+ Kh7 38. Qxe6 Qd1+ 39. Kb2 Qd2+ 40. Kb1
Qd1+ 1/2-1/2